000 00583nam a2200229Ia 4500
003 OSt
005 20221005121127.0
006 a|||||r|||| 00| 0
007 ta
008 221004b |||||||| |||| 00| 0 urd d
024 _a13469
037 _cTextual
040 _aCRL
_cCRL
_burd
041 _2urd
_aurd
082 _aO168,1L97:g, N73
100 _aLatif ur Rehman
_9630114
245 0 _aGhalib aur unke mutaseerin
260 _c1973
650 _aURDU LITERATURE
942 _hO168,1L97:g, N73
_cTEXL
_2cc
999 _c1040165
_d1040165